| 000 | 00934nam0a22002651 4500 | ||
|---|---|---|---|
| 001 | rc\3061644 | ||
| 005 | 20250806202620.0 | ||
| 035 | _a(NLR Aleph) 007200300 | ||
| 090 |
_a53864 _c53864 |
||
| 100 | _a20111013d1945 u y0rusy50 ca | ||
| 101 | 0 | _arus | |
| 102 | _aRU | ||
| 105 | _ay z ||||| | ||
| 200 | 1 |
_aЯровая пшеница на Юго-Востоке СССР _fП.М. Фокеев _gИн-т зернового хоз-ва Юго-Востока СССР |
|
| 210 |
_a[Саратов] _cСарат. обл. изд-во _d1945 _gтип. № 1 Полиграфиздата |
||
| 215 |
_a46 с. _d21 см |
||
| 300 | _aБез обл. | ||
| 700 | 1 |
_aФокеев _bП.М. _gПавел Михайлович |
|
| 801 | 0 |
_aRU _bNLR _gpsbo |
|
| 801 | 1 |
_aRU _bELAR _2rusmarc |
|
| 852 |
_aNLR _bС _j50 Г-4/479 |
||
| 942 | _cBOOK | ||
| 945 | _aРоссийская национальная библиотека | ||
| 980 | _aNB | ||
| 980 | _aBV | ||